000 00683nam a2200253Ia 4500
003 OSt
005 20220926031153.0
006 a|||||r|||| 00| 0
007 ta
008 220923b |||||||| |||| 00| 0 eng d
020 _a0835905833
037 _cGeneral Book
040 _aRTL
_cRTL
_beng
041 _2eng
_aeng
082 _aX9:(B), M1
100 _aHighland Esther H
_9313435
245 0 _aBusiness mathematics
250 _aEd 2nd
260 _aReston
_bReston Publishing
_c1981
300 _ax,484p. Appendix p. 349-468
_ccm.
650 _aIndustrial Economy
942 _hX9:(B), M1
_cGB
_2CC
999 _c651743
_d651743